The noble scholar, jurist, historian


 His Excellency Dr. Abdul Wahhab bin Ibrahim Abu Sulaiman, may Allah have mercy on him.


 He was born in Umm Al-Qura in the year 1356 AH.

نقد نظرية النسخ : (Record no. 6980)

MARC details
000 -LEADER
fixed length control field 02174cam a2200325 i 4500
003 - CONTROL NUMBER IDENTIFIER
control field SA-RiAUC
005 - DATE AND TIME OF LATEST TRANSACTION
control field 20250414062724.0
008 - FIXED-LENGTH DATA ELEMENTS--GENERAL INFORMATION
fixed length control field 250408s2013 le f b 000 0 ara c
020 ## - INTERNATIONAL STANDARD BOOK NUMBER
International Standard Book Number 9789953533957
024 0# - OTHER STANDARD IDENTIFIER
Standard number or code 00000000524706
040 ## - CATALOGING SOURCE
Original cataloging agency SA-JeALM
Language of cataloging ara
Transcribing agency SA-RiAUC
Modifying agency AE-DuMBRL
Description conventions rda
050 #4 - LIBRARY OF CONGRESS CALL NUMBER
Item number . U3 2013
082 04 - DEWEY DECIMAL CLASSIFICATION NUMBER
Classification number 250
Assigning agency SA-RiAUC
090 ## - LOCALLY ASSIGNED LC-TYPE CALL NUMBER (OCLC); LOCAL CALL NUMBER (RLIN)
Classification number (OCLC) (R) ; Classification number, CALL (RLIN) (NR) 250
Local cutter number (OCLC) ; Book number/undivided call number, CALL (RLIN) ع و د
100 1# - MAIN ENTRY--PERSONAL NAME
Personal name عودة، جاسر،
Dates associated with a name 1966-
Relator term مؤلف.
245 10 - TITLE STATEMENT
Title نقد نظرية النسخ :
Remainder of title بحث في فقه مقاصد الشريعة /
Statement of responsibility, etc. د. جاسر عودة.
250 ## - EDITION STATEMENT
Edition statement الطبعة الأولى.
264 #1 - PRODUCTION, PUBLICATION, DISTRIBUTION, MANUFACTURE, AND COPYRIGHT NOTICE
Place of production, publication, distribution, manufacture بيروت :
Name of producer, publisher, distributor, manufacturer الشبكة العربية للأبحاث والنشر،
Date of production, publication, distribution, manufacture, or copyright notice 2013.
300 ## - PHYSICAL DESCRIPTION
Extent 143 صفحة ؛
Other physical details 22 × 14 سم
336 ## - CONTENT TYPE
Content type term نص
Content type code txt
Source rdacontent
Materials specified كتاب
337 ## - MEDIA TYPE
Media type term بدون وسيط
Media type code n
Source rdamedia
338 ## - CARRIER TYPE
Carrier type term مجلد
Carrier type code nc
Source rdacarrier
500 ## - GENERAL NOTE
General note إهداء من المؤلف جاسر عودة بتاريخ 2013/11/30 م
504 ## - BIBLIOGRAPHY, ETC. NOTE
Bibliography, etc. note ببليوجرافية : صفحة 133-143.
520 ## - SUMMARY, ETC.
Summary, etc. يسعى الباحث الدكتور جاسر عودة من خلال كتابه إلى الحفاظ على مرونة الفقه الإسلامي وعلى أعمال النصوص ورفض تعطيلها وهو ينقد بذلك نظرية النسخ التي تنتهي إلى إلغاء الأحكام الشرعية الثابتة وخلال خمسة فصول من الكتاب استعرض الباحث أهداف ومقاصد الشريعة وعن التناقض والتعارض في ذهن المجتهد في الأمر الشرعي ثم يستعرض نظرية النسخ بتعريفاتها واستخدماتها وينقد بعض مناهج الاستلال عليها ويمثل الباحث على أعمال النصوص المحكمة المتعارضة باستخدام مقاصد الشريعة ثم ينتهي إلى خلاصة نظرية وخلاصة عملية فيما يتعلق بتعارض النصوص وطريقة أعمالها.
650 #7 - SUBJECT ADDED ENTRY--TOPICAL TERM
Topical term or geographic name entry element مقاصد الشريعة
Source of heading or term aucsh
650 #7 - SUBJECT ADDED ENTRY--TOPICAL TERM
Topical term or geographic name entry element الفقه الإسلامي
Source of heading or term aucsh
942 ## - ADDED ENTRY ELEMENTS (KOHA)
Source of classification or shelving scheme Dewey Decimal Classification
Koha item type Books
Suppress in OPAC No
949 ## - LOCAL PROCESSING INFORMATION (OCLC)
a SA-JeALM
d 250408
u mohamedma123
n 1
Holdings
Withdrawn status Lost status Source of classification or shelving scheme Damaged status Not for loan Collection Home library Current library Date acquired Total checkouts Full call number Barcode Date last seen Price effective from Koha item type
    Dewey Decimal Classification     اهداء DR AbdElwahab Library DR AbdElwahab Library 04/14/2025   250 ع و د 000011670 04/14/2025 04/14/2025 Books